Confederación de Trabajadores de Costa Rica: Junta de Gobierno (8 de mayo de 1948 - 8 de noviembre de 1949) /

שמור ב:
מידע ביבליוגרפי
מחבר ראשי: Arguedas M, Cecilia
Autores Corporativos: UCR, Facultad de Ciencias Sociales, Escuela de Sociología. Catedra: estructura económica y social de Costa Rica II
מחברים אחרים: Chacón C, Ana Cecilia, Solís M, Anabelle, Quirós V, Mayela, Salazar P, Iris
פורמט: Texto
יצא לאור: San José: UCR
תגים: הוספת תג
אין תגיות, היה/י הראשונ/ה לתייג את הרשומה!

MARC

LEADER 00000 a a2200000 04500
001 24059
003
040
090 |a 171000  
100 |a Arguedas M, Cecilia  
110 |a UCR  
245 |a Confederación de Trabajadores de Costa Rica: Junta de Gobierno (8 de mayo de 1948 - 8 de noviembre de 1949) /  |c UCR  
260 |a San José:   |b UCR  
300 |a 32 p  
700 |a Chacón C, Ana Cecilia  
700 |a Solís M, Anabelle  
700 |a Quirós V, Mayela  
700 |a Salazar P, Iris  
710 |a Facultad de Ciencias Sociales  
710 |a Escuela de Sociología. Catedra: estructura económica y social de Costa Rica II  
999 |c 11889  |d 11889